| 000 | 01365nam a2200361 c 4500 | ||
|---|---|---|---|
| 003 | BLK | ||
| 005 | 20220421094827.0 | ||
| 008 | 180409b bul|||||r ||||||| ||bul|| | ||
| 010 | _aKNG00102235000 | ||
| 020 |
_a954-607-367-9 _bиздат.: Лик |
||
| 040 | _aBLK | ||
| 041 |
_aBUL _cBUL |
||
| 080 |
_aПсихоанализа _b159.964.2 _x _z159.964.2 |
||
| 100 | 1 |
_aАбраам, Никола _eпърви автор _929069 |
|
| 700 | 1 |
_aТорок, Мария _eсъавт. _9130671 |
|
| 700 | 1 |
_aКавалджиев, Красимир Стефанов _eпрев. от фр. _9370150 |
|
| 139 |
_aАбраам, Никола и др. _bА 13 |
||
| 245 | 1 | 0 |
_aКора и ядро _cНикола Абраам; съавт. Мария Торок; прев. от фр. Красимир Стефанов Кавалджиев. |
| 257 | _aFRA | ||
| 260 |
_аСофия _bЛик _c2000 |
||
| 300 |
_a304 с. _c20 см |
||
| 380 | _a1 | ||
| 490 | 1 | _aБиблиотека Преноси | |
| 490 | 1 |
_3Подсерия _aПсихоанализа |
|
| 500 | _aОриг. загл. L'ecorce et le noyau / Nicolas Abraham, Maria Torok. - Офс. изд. | ||
| 650 | 4 |
_aПсихоанализа _9168303 |
|
| 653 | _aпсихоанализа | ||
| 852 | _aЦб 212068 | ||
| 856 | 4 |
_qpdf _u |
|
| 856 | 4 |
_qpdf _u |
|
| 942 |
_cKNG _n0 _01 |
||
| 944 |
_aCR _c01.01.2000 _kКети_Илиева |
||
| 944 |
_aED _c02.03.2011 _k |
||
| 999 |
_c97324 _d97324 |
||